Les quais de Paris en images (1) - Statistiques

Statistiques générales
  • Ce quiz a été pris 10 fois
  • Le résultat moyen est 5 sur 28
Statistiques - réponses
Par images Hint Réponse % Correct
Seine / F Quai Anatole {France}
67%
Seine / H Quai de l {Hôtel de ville}
50%
Seine / M Quai François {Mauriac}
50%
Seine / M Quai François {Mitterrand}
50%
Seine / C Quai André {Citroën}
33%
Seine / G Quai de la {gare}
33%
Darse du fond de Rouvray / G Quai de la {Garonne}
33%
Seine / C Quai des {Célestins}
33%
Seine / F Quai aux {Fleurs}
17%
Seine / B Quai {Branly}
17%
Seine / C Quai {Conti}
17%
Seine / G Quai de {Grenelle}
17%
Seine / H Quai de l {horloge}
17%
Seine / I Quai d {Issy}
17%
Seine / H Quai {Henri IV}
17%
Seine / A Quai d {Anjou}
0%
Seine / A Quai d {Austerlitz}
0%
Seine / B Quai de {Bercy}
0%
Seine / B Quai de {Béthune}
0%
Seine / B Quai de {Bourbon}
0%
Seine / G Quai de {Gesvres}
0%
Canal St Denis / C Quai de la {Charente}
0%
Seine / C Quai de la {Corse}
0%
Canal Saint-Denis / G Quai de la {Gironde}
0%
Canal St Denis / A Quai de l {Allier}
0%
Seine / A Quai de l {Archevêché}
0%
Seine / G Quai des {Grands Augustins}
0%
Seine / I Quai d {Ivry}
0%
Aucun quiz correspondant
Distribution des résultats
% des personnes avec chaque résultat
Percentile par nombre de réponses
Votre historique - résultats
Vous n’avez pas pris ce quiz